00295nam a2200121Ia 4500008004100000041000900041082001800050100002300068245002800091260003800119300000800157650000800165230718s9999 xx 000 0 und d aEng. a338.31bMUZ-S aMuzammil Mechammad 0aSales of Goods Ace 1830 aPakistanbMangual bood hogec2003 a112 aLaw